000 00599nam a2200253Ia 4500
005 20260121153823.0
008 008 260114s9999 xx 000 0 eng d
020 _a9781315578644
037 _aEBOOK
040 _aCRL
040 _beng
040 _cCRL
041 _2eng
041 _aeng
084 _qCRL
100 _aHelena Feder
_9999544
245 0 _aEcocriticism and the Idea of Culture
260 _bTaylor and Francis
260 _c2014
856 _uhttp://www.taylorfrancis.com/books/9781315578644
942 _cEBOOK
999 _c1566365
_d1566365